000 00635nam a2200205Ia 4500
005 20250923144659.0
008 008 250917s9999 xx 000 0 eng d
037 _aTextual
040 _aDSWL
_beng
_cDSWL
041 _aeng
_2eng
084 _aX:((M71:11).2'N4, H6
_qDSWL
100 _aAdarkar, B.P.
_9827323
245 0 _aReport on labour conditions in the cotton ginning and baling Industry
_cby B.P. Adarkar
260 _aDelhi
_bManager of Publications
_c1945
300 _avi,64p.
365 _aINR
_b1.5
925 _g1.5
942 _cTEXL
_hX:((M71:11).2'N4, H6
999 _c1441979
_d1441979